000 00796nam a2200253Ia 4500
003 OSt
005 20221005105258.0
006 a|||||r|||| 00| 0
007 ta
008 221004b |||||||| |||| 00| 0 hin d
024 _a23712
037 _cTextual
040 _aCRL
_cCRL
_bhin
041 _2hin
_ahin
082 _aI:(P152,3:4)k, N6.1
100 _aबेदी, रामेश
245 0 _aबेदी वनस्पति कोश
246 _aBedī vanaspati kosha
260 _aनई दिल्ली
_bकिताबघर भारत
_c1996
300 _a387पृ0
_ccm.
650 _aपर्यावरण विज्ञान
942 _hI:(P152,3:4)k, N6.1
_cTEXL
_2cc
999 _c1015349
_d1015349